Rencontres interreligieuses à Verviers en Belgique
| Main Author: | |
|---|---|
| Format: | Print Article |
| Language: | French |
| Check availability: | HBZ Gateway |
| Interlibrary Loan: | Interlibrary Loan for the Fachinformationsdienste (Specialized Information Services in Germany) |
| Published: |
[2017]
|
| In: |
Lumen vitae. Ed. française
Year: 2017, Volume: 72, Issue: 3, Pages: 261-270 |
| RelBib Classification: | BJ Islam CC Christianity and Non-Christian religion; Inter-religious relations KBD Benelux countries KDB Roman Catholic Church |
MARC
| LEADER | 00000caa a2200000 c 4500 | ||
|---|---|---|---|
| 001 | 1639600930 | ||
| 003 | DE-627 | ||
| 005 | 20180731115510.0 | ||
| 007 | tu | ||
| 008 | 171020s2017 xx ||||| 00| ||fre c | ||
| 035 | |a (DE-627)1639600930 | ||
| 035 | |a (DE-576)494615338 | ||
| 035 | |a (DE-599)BSZ494615338 | ||
| 040 | |a DE-627 |b ger |c DE-627 |e rda | ||
| 041 | |a fre | ||
| 084 | |a 0 |a 1 |2 ssgn | ||
| 100 | 1 | |a Jacques, François-Xavier |e VerfasserIn |4 aut | |
| 245 | 1 | 0 | |a Rencontres interreligieuses à Verviers en Belgique |c par François-Xavier Jacques |
| 264 | 1 | |c [2017] | |
| 336 | |a Text |b txt |2 rdacontent | ||
| 337 | |a ohne Hilfsmittel zu benutzen |b n |2 rdamedia | ||
| 338 | |a Band |b nc |2 rdacarrier | ||
| 652 | |a BJ:CC:KBD:KDB | ||
| 773 | 0 | 8 | |i Enthalten in |t Lumen vitae. Ed. française |d Bruxelles : [Verlag nicht ermittelbar], 1950 |g 72(2017), 3, Seite 261-270 |w (DE-627)166748927 |w (DE-600)300493-4 |w (DE-576)015181065 |x 0024-7324 |7 nnas |
| 773 | 1 | 8 | |g volume:72 |g year:2017 |g number:3 |g pages:261-270 |
| 776 | 1 | |o 10.2143/LV.72.3.3242671 | |
| 951 | |a AR | ||
| ELC | |b 1 | ||
| ITA | |a 1 |t 1 | ||
| LOK | |0 000 xxxxxcx a22 zn 4500 | ||
| LOK | |0 001 3300387671 | ||
| LOK | |0 003 DE-627 | ||
| LOK | |0 004 1639600930 | ||
| LOK | |0 005 20171020154610 | ||
| LOK | |0 008 171020||||||||||||||||ger||||||| | ||
| LOK | |0 040 |a DE-Tue135 |c DE-627 |d DE-Tue135 | ||
| LOK | |0 092 |o n | ||
| LOK | |0 852 |a DE-Tue135 | ||
| LOK | |0 852 1 |9 00 | ||
| LOK | |0 935 |a ixzs | ||
| LOK | |0 936ln |0 1442044764 |a KBD | ||
| LOK | |0 936ln |0 1442049839 |a KDB | ||
| LOK | |0 936ln |0 1442043806 |a CC | ||
| LOK | |0 936ln |0 1442043539 |a BJ | ||
| LOK | |0 939 |a 20-10-17 |b l01 | ||
| ORI | |a SA-MARC-ixtheoa001.raw | ||
| REL | |a 1 | ||
| SUB | |a REL | ||



